Der Genozid an den Armeniern und die historische Erinnerung des Volkes / (Record no. 162881)
[ view plain ]
| 000 -LEADER | |
|---|---|
| fixed length control field | 01216nam a2200265 a 4500 |
| 001 - CONTROL NUMBER | |
| control field | 000439247 |
| 003 - CONTROL NUMBER IDENTIFIER | |
| control field | AM-YeHGA |
| 005 - DATE AND TIME OF LATEST TRANSACTION | |
| control field | 20251210145221.0 |
| 008 - FIXED-LENGTH DATA ELEMENTS--GENERAL INFORMATION | |
| fixed length control field | 050601s2005 ai ||||gr|||||000|0|ger|d |
| 020 ## - INTERNATIONAL STANDARD BOOK NUMBER | |
| International Standard Book Number | 5-8080-0601-5 |
| 040 ## - CATALOGING SOURCE | |
| Original cataloging agency | AM-YeHGA |
| 041 1# - LANGUAGE CODE | |
| Language code of text/sound track or separate title | ger |
| 100 1# - MAIN ENTRY--PERSONAL NAME | |
| Personal name | Սվազլյան, Վերժինե Գառնիկի, |
| Dates associated with a name | 1934- |
| 9 (RLIN) | 1736 |
| 245 14 - TITLE STATEMENT | |
| Title | Der Genozid an den Armeniern und die historische Erinnerung des Volkes / |
| Statement of responsibility, etc. | Von Verjine Svazlian;aus dem Armenischen übersetzt von Levon Sarkisjan; Nationale Akademie der Republik Armenien, Museum- Institut für den Völkermord an den Armeniern, Institut für Archäologie und Ethnographie. |
| 260 ## - PUBLICATION, DISTRIBUTION, ETC. | |
| Place of publication, distribution, etc. | Jerevan : |
| Name of publisher, distributor, etc. | Gitutjun, |
| Date of publication, distribution, etc. | 2005. |
| 300 ## - PHYSICAL DESCRIPTION | |
| Extent | 138 p. : |
| Other physical details | Ill. ; |
| Dimensions | 21 cm. |
| Accompanying material | map |
| 500 ## - GENERAL NOTE | |
| General note | Zum 90. Jahrestag des Völkermords an den Armeniern |
| 650 14 - SUBJECT ADDED ENTRY--TOPICAL TERM | |
| Topical term or geographic name entry element | Ցեղասպանություն |
| Geographic subdivision | Armenia |
| 700 1# - ADDED ENTRY--PERSONAL NAME | |
| Personal name | Sarkisjan, Levon |
| Relator term | trl |
| 710 2# - ADDED ENTRY--CORPORATE NAME | |
| Corporate name or jurisdiction name as entry element | Nationale Akademie der Republik Armenien |
| 710 2# - ADDED ENTRY--CORPORATE NAME | |
| Corporate name or jurisdiction name as entry element | Museum-Institut für den Völkermord an den Armeniern |
| 710 2# - ADDED ENTRY--CORPORATE NAME | |
| Corporate name or jurisdiction name as entry element | Institut für Archäologie und Ethnographie |
| 856 41 - ELECTRONIC LOCATION AND ACCESS | |
| Uniform Resource Identifier | <a href="https://arar.sci.am/dlibra/publication/456943/edition/424161/content">https://arar.sci.am/dlibra/publication/456943/edition/424161/content</a> |
| Link text | Կարդալ առցանց |
| 942 ## - ADDED ENTRY ELEMENTS (KOHA) | |
| Source of classification or shelving scheme | Universal Decimal Classification |
| Koha item type | Գրքեր / Books |
| Withdrawn status | Lost status | Damaged status | Not for loan | Collection | Home library | Current library | Date acquired | Total checkouts | Full call number | Barcode | Date last seen | Price effective from | Koha item type | Public note |
|---|---|---|---|---|---|---|---|---|---|---|---|---|---|---|
| General | Fundamental Scientific Library | Fundamental Scientific Library | 28/12/2016 | 947.925"1915" | 320112529 | 28/12/2016 | 28/12/2016 | Գրքեր / Books | 30 Days Loan | |||||
| General | Fundamental Scientific Library | Fundamental Scientific Library | 28/12/2016 | 947.925"1915" | 320112530 | 28/12/2016 | 28/12/2016 | Գրքեր / Books | 30 Days Loan | |||||
| General | Fundamental Scientific Library | Fundamental Scientific Library | 28/12/2016 | 947.925"1915" | 320112716 | 28/12/2016 | 28/12/2016 | Գրքեր / Books | 30 Days Loan |
ՀՀ Գիտությունների ազգային ակադեմիայի հիմնարար գիտական գրադարան = Fundamental Scientific Library of NAS RA
All site content, except where otherwise noted, is licensed under a